A kick in the head / (Record no. 1660)
[ view plain ]
| 000 -LEADER | |
|---|---|
| fixed length control field | 01529cam a2200277 a 4500 |
| 005 - DATE AND TIME OF LATEST TRANSACTION | |
| control field | 20250723154508.0 |
| 020 ## - INTERNATIONAL STANDARD BOOK NUMBER | |
| International Standard Book Number | 9780439862165 |
| 040 ## - CATALOGING SOURCE | |
| Original cataloging agency | DLC |
| Transcribing agency | DLC |
| Modifying agency | DLC |
| Language of cataloging | eng |
| 050 00 - LIBRARY OF CONGRESS CALL NUMBER | |
| Classification number | PS586.K525 |
| 082 00 - DEWEY DECIMAL CLASSIFICATION NUMBER | |
| Classification number | 811.00809282 |
| Edition number | 22 |
| 100 ## - MAIN ENTRY--PERSONAL NAME | |
| Personal name | Janeczko, Paul B. |
| 245 02 - TITLE STATEMENT | |
| Title | A kick in the head / |
| Statement of responsibility, etc. | edited by Paul B. Janeczko ; illustrated by Chris Raschka. |
| 250 ## - EDITION STATEMENT | |
| Edition statement | First Scholastic printing, February 2006 |
| 260 ## - PUBLICATION, DISTRIBUTION, ETC. | |
| Place of publication, distribution, etc. | New York : |
| Name of publisher, distributor, etc. | Scholastic, |
| Date of publication, distribution, etc. | 2005 |
| 300 ## - PHYSICAL DESCRIPTION | |
| Extent | 61 pages : |
| Other physical details | color illustrations ; |
| Dimensions | 230 cm |
| 505 ## - FORMATTED CONTENTS NOTE | |
| Formatted contents note | P <br/> |
| 520 ## - SUMMARY, ETC. | |
| Summary, etc. | In this splendid and playful volume, acclaimed poetry anthologist Paul B. Janeczko and Caldecott Honor illustrator Chris Raschka present lively examples of twenty-nine poetic forms, demonstrating not only the (sometimes bendable) rules of poetry, but also the spirit that brings these forms so wonderfully to life. Featuring formal poems, some familiar and some never before published, from the likes of Eleanor Farjeon (aubade), X.J. Kennedy (elegy), Ogden Nash (couplet), Liz Rosenberg (pantoum), and William Shakespeare, the sonnet king himself, A Kick in the Head perfectly illustrates Robert Frost's maxim that poetry without rules is like a tennis match without a net. |
| 521 ## - TARGET AUDIENCE NOTE | |
| Target audience note | 600 <br/> |
| Source | Lexile <br/> |
| 521 ## - TARGET AUDIENCE NOTE | |
| Target audience note | P <br/> |
| Source | Raz-Plus <br/> |
| 650 #0 - SUBJECT ADDED ENTRY--TOPICAL TERM | |
| Topical term or geographic name entry element | Children's poetry, American. |
| 650 #0 - SUBJECT ADDED ENTRY--TOPICAL TERM | |
| Topical term or geographic name entry element | Literary form |
| Form subdivision | Juvenile literature. |
| 700 1# - ADDED ENTRY--PERSONAL NAME | |
| Personal name | Raschka, Christopher |
| Relator term | illustrator |
| 906 ## - LOCAL DATA ELEMENT F, LDF (RLIN) | |
| a | 7 |
| b | cbc |
| c | orignew |
| d | 1 |
| e | ocip |
| f | 20 |
| g | y-gencatlg |
| 942 ## - ADDED ENTRY ELEMENTS (KOHA) | |
| Source of classification or shelving scheme | Dewey Decimal Classification |
| Koha item type | Books |
| Suppress in OPAC | No |
| 999 ## - | |
| -- | 1660 |
| -- | 1660 |
| Withdrawn status | Lost status | Source of classification or shelving scheme | Damaged status | Not for loan | Collection | Home library | Current library | Shelving location | Date acquired | Total Checkouts | Full call number | Barcode | Date last seen | Date last checked out | Copy number | Price effective from | Koha item type |
|---|---|---|---|---|---|---|---|---|---|---|---|---|---|---|---|---|---|
| Dewey Decimal Classification | Juvenile Fiction | Footprints International School Library Network Toul Kork Campus | Footprints International School Library Network Toul Kork Campus | TK Primary Library Room(4th Floor), Bookcase 3&4, Shelves 17-32, Yellow Books | 07/23/2025 | JAN 811.00809282 PS586.K525 | FISTK02162 | 07/23/2025 | 2 | 07/23/2025 | Books | ||||||
| Dewey Decimal Classification | Juvenile Fiction | Footprints International School Library Network Toul Tom Poung Campus | Footprints International School Library Network Toul Tom Poung Campus | TTP Primary Yellow Bookshelves | 09/13/2023 | 5 | JAN 811.00809282 PS586.K525 | FIS04812 | 10/25/2024 | 09/11/2024 | 1 | 09/13/2023 | Books |
